Score 0/12 Timer 02:30
4 Plays Today
Question Answer Wrong Answers
“You’re saying it wrong, it’s Wing-GAR-dium Levi-O-sa.” Hermione Granger
94.1%
Harry Potter
1.1%
Ron Weasley
1.1%
Albus Dumbledore
1%
'It takes a great deal of bravery to stand up to our enemies, but just as much to stand up to our friends.” Albus Dumbledore
92.1%
Harry Potter
2.4%
Hermione Granger
2%
Ron Weasley
0.7%
“Please, please. Anything but Slytherin, anything but Slytherin.” Harry Potter
92%
Hermione Granger
1.5%
Ron Weasley
3.5%
Albus Dumbledore
0.4%
“Percy wouldn’t recognize a joke if it danced naked in front of him wearing Dobby’s tea cozy.” Ron Weasley
90.2%
Harry Potter
3.3%
Hermione Granger
3.2%
Albus Dumbledore
0.6%
“Just because you’ve got the emotional range of a teaspoon doesn’t mean we all have.” Hermione Granger
90%
Harry Potter
1.9%
Ron Weasley
4.3%
Albus Dumbledore
0.9%
“You fail to recognize that it matters not what someone is born, but what they grow to be!” Albus Dumbledore
89.1%
Harry Potter
2.1%
Hermione Granger
5.2%
Ron Weasley
0.7%
“Doctors? Those Muggle nutters that cut people up?” Ron Weasley
89.1%
Harry Potter
1.6%
Hermione Granger
2.5%
Albus Dumbledore
4%
“I mean, it’s sort of exciting isn’t it? Breaking the rules.” Hermione Granger
86.7%
Harry Potter
3.8%
Ron Weasley
5.8%
Albus Dumbledore
1%
“There's no need to call me 'sir,' Professor.” Harry Potter
86.6%
Hermione Granger
0.8%
Ron Weasley
2.9%
Albus Dumbledore
7.1%
“And what in the name of Merlin’s most baggy Y Fronts was that about?” Ron Weasley
76.3%
Harry Potter
2.7%
Hermione Granger
5.2%
Albus Dumbledore
12.9%
“One can never have enough socks.” Albus Dumbledore
74%
Harry Potter
8%
Hermione Granger
4.9%
Ron Weasley
10.4%
“Wow, I wonder what it'd be like to have a difficult life?” Harry Potter
61.5%
Hermione Granger
8.5%
Ron Weasley
25.1%
Albus Dumbledore
2.2%

Today's Daily Dose

Missing Word
1900s A-Z

Word Ladder
Space Firsts

Quick Pick
Salsa

Get the Picture
Body Systems

Remove Ads.
Support Sporcle.
Get the best of Sporcle when you Go Orange. This ad-free experience offers more features, more stats, and more fun while also helping to support Sporcle. Thank you for becoming a member.

You're not logged in!

Compare scores with friends on all Sporcle quizzes.
OR
Log In

Show Comments

Extras

Top Quizzes Today


Score Distribution

Your Account Isn't Verified!

In order to create a playlist on Sporcle, you need to verify the email address you used during registration. Go to your Sporcle Settings to finish the process.

Report this User

Report this user for behavior that violates our Community Guidelines.

Details: